| 000 | 004420000a22001810004500 | ||
|---|---|---|---|
| 003 | MACL | ||
| 005 | 20150705162956.0 | ||
| 008 | 150705b xxu||||| |||| 00| 0 eng d | ||
| 040 |
_aMACL _cMACL |
||
| 041 | _aEnglish | ||
| 082 | _a355/ROY | ||
| 100 |
_aRoy,Sekhar Basu _967 |
||
| 245 | _aNew Approach KARGIL Misadventure in the Hills | ||
| 260 |
_aKolkata _bSekhar |
||
| 350 | _a900 | ||
| 650 |
_aMiletre _9971 |
||
| 942 |
_cBK _k355/ROY _2ddc |
||
| 999 |
_c47818 _d47818 |
||